[Event "POR CupT final"]
[Site "Vila Nova de Gaia"]
[Date "2009.07.18"]
[Round "1.2"]
[White "Mateus, Francisco"]
[Black "Cleto, Fernando de Almeida"]
[Result "1-0"]
[WhiteElo "1845"]
[BlackElo "2121"]
[PlyCount "55"]
[EventDate "2009.07.18"]
[EventType "team-k.o."]
[EventRounds "8"]
[EventCountry "POR"]
[SourceTitle "EXT 2018"]
[Source "ChessBase"]
[SourceDate "2017.10.13"]
[SourceVersion "1"]
[SourceVersionDate "2017.10.13"]
[SourceQuality "1"]
[WhiteTeam "Gaia"]
[BlackTeam "Porto GX"]
[WhiteTeamCountry "POR"]
[BlackTeamCountry "POR"]

1. e4 d5 2. exd5 Qxd5 3. Nc3 Qd6 4. d4 Nf6 5. Nf3 c6 6. g3 Bg4 7. Bg2 e6 8. 0-0 Be7 9. Bf4 Qd8 10. Qd2 Nbd7 11. Ne5 Nxe5 12. Bxe5 Bf5 13. Rfe1 0-0 14. h3 Bg6 15. Rad1 Bd6 16. Bxf6 Qxf6 17. Ne4 Bxe4 18. Bxe4 Rad8 19. Qa5 Bb8 20. Qb4 Rd7 21. Bxh7+ Kxh7 22. Qxf8 Bd6 23. Qa8 Qg5 24. Rd3 Qa5 25. Re4 g5 26. h4 Qb6 27. Rb3 Qa6 28. hxg5 1-0